00341 a2200121 450000100060000010000170000624500220002326000310004509000170007694200230009399900190011695200840013541021 aS Gul Hassan aTazkira-e-Ghausia aLahorebNoori Book Depotc c25255d25255 aNUST-CAEcMc16953 c276094d276094 001040708NFICaCAEbCAEd2017-04-03l0pCAE60033r2017-04-05w2017-04-05yBK